1+1 dans les différents domaines des mathématiques - Statistiques

Statistiques générales
  • Ce quiz a été pris 134 fois
  • Le résultat moyen est 4 sur 5
Statistiques - réponses
Domaine Résultat % Correct
Arithmétique classique 2
100%
Algèbre booléenne 1
95%
Arithmétique modulaire (modulo 2) 0
93%
Binaire 10
87%
Théorie des langages formels 11
62%
Aucun quiz correspondant
Distribution des résultats
% des personnes avec chaque résultat
Percentile par nombre de réponses
Votre historique - résultats
Vous n’avez pas pris ce quiz